Countries that Start with A - Map Quiz - Statistics

General Stats
  • This quiz has been taken 121 times
  • The average score is 10 of 11
Answers on the Map
Answers color-coded by a green-red scale on the quiz's map according to % correct below.
 
Answer Stats
Country % Correct
Argentina
100%
Australia
99%
Afghanistan
98%
Andorra
97%
Austria
97%
Albania
95%
Angola
94%
Algeria
93%
Azerbaijan
93%
Armenia
92%
Antigua and Barbuda
87%
No matching quizzes found
Score Distribution
Percent of People with Each Score
Percentile by Number Answered
Your Score History
You have not taken this quiz